| 000 | 00394ntaaa2200157 4500 | ||
|---|---|---|---|
| 003 | 01 | ||
| 005 | 20251027203012.0 | ||
| 008 | 0714s1973 ag 01 | ||
| 040 |
_aAR-BaBN _bspa _cAR-BaBN _eaacr _dRIC |
||
| 082 | _a823 C35 | ||
| 245 | _aChambers's stepping-stones to literature | ||
| 300 | _a208 p. | ||
| 500 | _aBAJA PATRIMONIAL POR OBSOLESCENCIA 20180814 | ||
| 650 |
_aCuentos _96658 |
||
| 942 | _cBK | ||
| 999 |
_c25454 _d25454 |
||